Modelling transport / (Record no. 543413)
[ view plain ]
| 000 -LEADER | |
|---|---|
| fixed length control field | 00722pam a2200205 a 4500 |
| 020 ## - INTERNATIONAL STANDARD BOOK NUMBER | |
| International Standard Book Number | 047194193X |
| 082 00 - DEWEY DECIMAL CLASSIFICATION NUMBER | |
| Classification number | 388.015118 |
| Author Mark | ORT |
| -- | L-NUST, P-25 |
| 100 2# - MAIN ENTRY--PERSONAL NAME | |
| Personal name | Ortúzar S., Juan de Dios. |
| 9 (RLIN) | 38771 |
| 245 10 - TITLE STATEMENT | |
| Title | Modelling transport / |
| Statement of responsibility, etc. | Juan de Dios Ortúzar, Luis G. Willumsen. |
| 250 ## - EDITION STATEMENT | |
| Edition statement | 2nd ed. |
| 260 ## - PUBLICATION, DISTRIBUTION, ETC. | |
| Place of publication, distribution, etc. | Chichester ; |
| -- | New York : |
| Name of publisher, distributor, etc. | Wiley, |
| Date of publication, distribution, etc. | c1994. |
| 300 ## - PHYSICAL DESCRIPTION | |
| Extent | xiii, 438 p. : |
| Other physical details | ill. |
| Dimensions | ;26 cm. |
| 526 ## - STUDY PROGRAM INFORMATION NOTE | |
| Program name | 0 |
| Interest level | 0 |
| Reading level | 0 |
| Title point value | 388_015118000000000_ORT |
| 650 #0 - SUBJECT ADDED ENTRY--TOPICAL TERM | |
| Topical term or geographic name entry element | Choice of transportation |
| General subdivision | Mathematical models. |
| 9 (RLIN) | 38772 |
| 650 #0 - SUBJECT ADDED ENTRY--TOPICAL TERM | |
| Topical term or geographic name entry element | NUST |
| 9 (RLIN) | 6342 |
| 650 #0 - SUBJECT ADDED ENTRY--TOPICAL TERM | |
| Topical term or geographic name entry element | Transportation |
| General subdivision | Mathematical models. |
| 9 (RLIN) | 38773 |
| 650 #0 - SUBJECT ADDED ENTRY--TOPICAL TERM | |
| Topical term or geographic name entry element | Trip generation |
| General subdivision | Mathematical models. |
| 9 (RLIN) | 38774 |
| 700 1# - ADDED ENTRY--PERSONAL NAME | |
| Personal name | Willumsen, Luis G. |
| 9 (RLIN) | 38775 |
| 942 ## - ADDED ENTRY ELEMENTS (KOHA) | |
| Source of classification or shelving scheme | |
| Koha item type | Book |
| Withdrawn status | Lost status | Source of classification or shelving scheme | Damaged status | Not for loan | Permanent Location | Current Location | Date acquired | Total Checkouts | Full call number | Barcode | Date last seen | Price effective from | Koha item type |
|---|---|---|---|---|---|---|---|---|---|---|---|---|---|
| Military College of Engineering (MCE) | Military College of Engineering (MCE) | 03/21/2014 | 388.015118 ORT | MCE-44153 | 03/21/2014 | 03/21/2014 | Book |
